Statistiques concernant Le quiz sur tout #2

Cliquez ici pour prendre le quiz!

Statistiques générales

  • Ce quiz a été pris 72 fois
  • Le résultat moyen est 12 sur 15

Statistiques - réponses

QuestionRéponse% Correct
8x1188
100%
Inventeur de l'école en FranceCharlemagne
99%
43+3881
97%
Qui a découvert l'Amérique ?Christophe Colomb
96%
Combien de coté à un Hexagone ?6
94%
Qui a peint la joconde ?Léonard de Vinci
91%
Habitants de MonacoMonégasques
82%
Date de la prise de la Bastille14 juillet 1789
78%
En quel année ?1492
76%
Vainqueur LDC 2023Manchester City
76%
Habitants de MadagascarMalgaches
75%
Quel est la capitale du Panama ?Panama
75%
Et 2022 ?Real Madrid
70%
Qui a écrit Harry Potter ?J. K. Rowling
69%
Marseille , ma ville , je ...t'aime
64%

Distribution des résultats

Percentile par nombre de réponses

% des personnes avec chaque résultat

Votre développement - résultats

Vous n’avez pas pris ce quiz